| 000 | 01959nam a2200493Ii 4500 | ||
|---|---|---|---|
| 001 | DIGUANDES778 | ||
| 003 | NyNyDIG | ||
| 006 | m o d | ||
| 007 | cr ||||||||||| | ||
| 008 | 241203s2024 ck a ob 000 0 spa d | ||
| 035 | _a(OCoLC)1482222049 | ||
| 040 |
_aDGITA _beng _erda _epn _cDGITA |
||
| 020 |
_a9789587985535 _qe-book |
||
| 020 |
_a9789587985542 _qe-pub |
||
| 020 | _z9789587985528 | ||
| 043 | _as-ck--- | ||
| 050 | 1 | 4 | _aKHH1869 ebook |
| 082 | 0 | 4 |
_a344.011 _223 |
| 245 | 0 | 0 |
_aPermitido discriminar : _bel vacío regulatorio del periodo previo al contrato de trabajo en Colombia / _cNatalia Ramírez-Bustamante (coordinadora académica). |
| 250 | _aPrimera edición. | ||
| 264 | 1 |
_aBogotá, D. C., Colombia : _bEdiciones Uniandes, _c[2024] |
|
| 300 |
_a1 online resource : _bdiagrams. |
||
| 336 |
_atext _btxt _2rdacontent |
||
| 337 |
_acomputer _bc _2rdamedia |
||
| 338 |
_aonline resource _bcr _2rdacarrier |
||
| 347 |
_atext file _2rdaft |
||
| 347 | _bPDF | ||
| 347 | _bEPUB | ||
| 490 | 1 | _aSJS, Serie Justicia social | |
| 500 | _a"Universidad de los Andes, Facultad de Derecho"--Cover. | ||
| 504 | _aIncludes bibliographical references. | ||
| 588 | 0 | _aOnline resource; title from PDF title page (Digitalia, viewed December 3, 2024) | |
| 650 | 0 |
_aDiscrimination in employment _xLaw and legislation _zColombia. |
|
| 650 | 0 |
_aLabor laws and legislation _zColombia. |
|
| 650 | 0 |
_aSex discrimination in employment _zColombia. |
|
| 700 | 1 |
_aRamírez-Bustamante, Natalia, _eeditor. |
|
| 791 | 2 |
_aDigitalia (Firm), _edistributor. |
|
| 793 | 0 |
_gDigitalia eBook Collection: _aUniversidad de los Andes |
|
| 776 | 0 | 8 |
_iPrint version: _tPermitido discriminar. _bPrimera edición. _dBogotá, D. C., Colombia : Ediciones Uniandes, [2024] _z9789587985528 |
| 830 | 0 | _aSerie Justicia social. | |
| 856 | 4 | 0 |
_3Digitalia Hispánica _uhttps://www.digitaliapublishing.com/a/163374/ |
| 910 | _aPremium collection: 2024 | ||
| 942 | _cRAA | ||
| 999 |
_c289805 _d289805 |
||